书目信息 |
| 题名: |
工厂供电学习指导
|
|
| 作者: | 孟昭军 , 关大陆 主编 | |
| 分册: | ||
| 出版信息: | 北京 清华大学出版社 2014 |
|
| 页数: | 419页 | |
| 开本: | 26cm | |
| 丛书名: | ||
| 单 册: | ||
| 中图分类: | TM727.3 | |
| 科图分类: | ||
| 主题词: | 工厂--Gong Chang--供电--高等学校--教学参考资料 | |
| 电子资源: | ||
| ISBN: | 978-7-302-34013-3 | |
| 000 | 01138nam0 2200301 450 | |
| 001 | 1650934928 | |
| 005 | 20140704101057.5 | |
| 010 | @a978-7-302-34013-3@dCNY49.00 | |
| 100 | @a20140704d2014 em y0chiy0120 ea | |
| 101 | 0 | @achi |
| 102 | @aCN@b110000 | |
| 105 | @aak a 000yy | |
| 106 | @ar | |
| 200 | 1 | @a工厂供电学习指导@AGong Chang Gong Dian Xue Xi Zhi Dao@f孟昭军, 关大陆主编 |
| 210 | @a北京@c清华大学出版社@d2014 | |
| 215 | @a419页@c图@d26cm | |
| 300 | @a高等院校电子信息应用型规划教材 | |
| 311 | @a与《工厂供电》(第5版,刘介才) 配套 | |
| 320 | @a有书目 | |
| 330 | @a本书内容包括三篇:第1篇为工厂供电基本内容,以及学习要点、重点难点分析与习题练习;第2篇为工厂供电有关的综合练习题;第3篇为工厂供电课程设计举例。 | |
| 333 | @a普通高等学校电气工程及其自动化、自动化等相关专业学生,报考注册电气工程师 (供配电) 的工程技术人员。 | |
| 488 | 0 | @12001 @a工厂供电@1205 @a第5版@1701 0@a刘介才 |
| 606 | 0 | @a工厂@AGong Chang@x供电@x高等学校@j教学参考资料 |
| 690 | @aTM727.3@v5 | |
| 701 | 0 | @a孟昭军@AMeng Zhao Jun@4主编 |
| 701 | 0 | @a关大陆@AGuan Da Lu@4主编 |
| 801 | 0 | @aCN@b江苏新华@c20150511 |
| 905 | @aBZT@dTM727.3@e3 | |
| 工厂供电学习指导/孟昭军, 关大陆主编.-北京:清华大学出版社,2014 |
| 419页:图;26cm |
| 高等院校电子信息应用型规划教材.-使用对象:普通高等学校电气工程及其自动化、自动化等相关专业学生,报考注册电气工程师 (供配电) 的工程技术人员。 |
| ISBN 978-7-302-34013-3:CNY49.00 |
| 本书内容包括三篇:第1篇为工厂供电基本内容,以及学习要点、重点难点分析与习题练习;第2篇为工厂供电有关的综合练习题;第3篇为工厂供电课程设计举例。 |
| ● |
| 相关链接 |
|
|
|
正题名:工厂供电学习指导
索取号:TM727.3/3
 
预约/预借
| 序号 | 登录号 | 条形码 | 馆藏地/架位号 | 状态 | 备注 |
| 1 | 801860 | 2000801860 | 第二书库/ [索取号:TM727.3/3] | 在馆 | |
| 2 | 801861 | 2000801861 | 第二书库/ [索取号:TM727.3/3] | 在馆 | |
| 3 | 801862 | 2000801862 | 第二书库/ [索取号:TM727.3/3] | 在馆 |